000 00472nam a2200181Ia 4500
008 240925s9999 xx 000 0 und d
020 _a9788129711346
082 _a658.8343 ALL
100 _aAllen, Derek R.
245 0 _aCustomer Satisfaction Research management.
250 _aNA
260 _aNew Delhi:
_bPearson Education
_c,2005.
300 _a314p.
_bN.A
_fOriginal
500 _aIncludes Index
600 _aManagement
650 _aManagement
942 _cBK
999 _c17717
_d17717